Introduction to stochastic processes
Αποθηκεύτηκε σε:
| Κύριος συγγραφέας: | |
|---|---|
| Άλλοι συγγραφείς: | , |
| Μορφή: | Βιβλίο |
| Γλώσσα: | English |
| Δημοσίευση: |
Prospect Heights, Ill. :
Waveland press,
1987
|
| Θέματα: | |
| Ετικέτες: |
Προσθήκη ετικέτας
Δεν υπάρχουν, Καταχωρήστε ετικέτα πρώτοι!
|
MARC
| LEADER | 00000nam a2200000 i 4500 | ||
|---|---|---|---|
| 001 | 1/51251 | ||
| 008 | 980819s1987 eng d | ||
| 020 | |a 0-88133-267-4 | ||
| 035 | |l 10044093 | ||
| 040 | |a GR-MY-UA |b gre |e aacr | ||
| 041 | 0 | |a eng | |
| 082 | 0 | |a 519.2 | |
| 100 | 1 | |a Hoel, Paul Gerhard |d 1905- | |
| 245 | 1 | 0 | |a Introduction to stochastic processes / |c Paul G. Hoel, Sidney C. Port, Charles J. Stone |
| 260 | |a Prospect Heights, Ill. : |b Waveland press, |c 1987 | ||
| 300 | |a viii, 203 p.; |c 25 cm. | ||
| 500 | |a Includes index | ||
| 650 | 0 | 0 | |a Stochastic processes. |
| 700 | 1 | |a Port, Sidney C. | |
| 700 | 1 | |a Stone, Charles Joel |d 1936- | |
| 852 | |a INST |b SAMOS |e 19980819 |h 519.2 HOE |p 005300010610 |q 005300010610 |t BK |y 0 | ||
| 852 | |a INST |b SAMOS |e 19980819 |h 519.2 HOE |p 005300010611 |q 005300010611 |t BK |y 0 | ||
| 852 | |a INST |b SAMOS |e 19980819 |h 519.2 HOE |p 005300010612 |q 005300010612 |t BK |y 0 | ||
| 852 | |a INST |b SAMOS |e 19980819 |h 519.2 HOE |p 005300010613 |q 005300010613 |t BK |y 0 | ||
| 901 | |a BIBL-1998-2 | ||
| 909 | |a Σ |b 058812 | ||
| 909 | |a Σ |b 058813 | ||
| 909 | |a Σ |b 058814 | ||
| 909 | |a Σ |b 058815 | ||
| 922 | |a 3ΕΛΗ |b 199807 |c ΚΠΣ |d ΠΑΠΑΣΩΤΗΡΙΟΥ | ||